000 01269cam a2200265 4500
008 040211n2004 000 0 eng u
020 _a0333946413
035 _a(Sirsi) u125103
041 _aeng
050 _a333.332
100 _aFraser, W.D.
245 _aCash-flow appraisal for property investment
260 _aBasingstoke
_bPalgrave Macmillan
_c2004
300 _axiv,176p. ; 24cm.
350 _a24.99
520 _aPractical guide to the application of discounted cash flow for second- and third-year undergraduates on property management courses and would also be useful for practising chartered surveyors and those involved in the property business. Good practice requires an understanding of the underlying concepts and rationale as well as the principles, criteria and practical issues which inform the estimation of cash flows and choice of discount rate. This book draws on relevant financial theory to provide the reader with the extent and quality of understanding required to support good practice.
650 _aDISCOUNTED CASH FLOW
650 _aINTERNAL RATE OF RETURN
650 _aLEASEBACK
650 _aNET PRESENT VALUE
650 _aPROPERTY INVESTMENT
650 _aRISK ANALYSIS
690 _aINVESTMENT
942 _n0
999 _c103338
_d103338